مكتبة جامعة عجلون الوطنية

فهرس بحث المكتبة

Nutrition for sport, exercise, and health / (Record no. 33851)

MARC details
000 -LEADER
fixed length control field 02449cam a2200409 i 4500
001 - CONTROL NUMBER
control field 22975456
003 - CONTROL NUMBER IDENTIFIER
control field JO-AjAnu
005 - DATE AND TIME OF LATEST TRANSACTION
control field 20241110104041.0
008 - FIXED-LENGTH DATA ELEMENTS--GENERAL INFORMATION
fixed length control field 230216s2024 ilua b 001 0 eng
010 ## - LIBRARY OF CONGRESS CONTROL NUMBER
LC control number 2023004521
020 ## - INTERNATIONAL STANDARD BOOK NUMBER
International Standard Book Number 9781718207783
Qualifying information (paperback)
020 ## - INTERNATIONAL STANDARD BOOK NUMBER
International Standard Book Number 9781718223127
Qualifying information (loose-leaf)
020 ## - INTERNATIONAL STANDARD BOOK NUMBER
Canceled/invalid ISBN 9781718207790
Qualifying information (epub)
020 ## - INTERNATIONAL STANDARD BOOK NUMBER
Canceled/invalid ISBN 9781718207806
Qualifying information (pdf)
040 ## - CATALOGING SOURCE
Original cataloging agency DLC
Language of cataloging eng
Description conventions rda
Transcribing agency DLC
Modifying agency DLC
-- JO-AjAnu
042 ## - AUTHENTICATION CODE
Authentication code pcc
050 00 - LIBRARY OF CONGRESS CALL NUMBER
Classification number RA784
Item number .S6557 2024
082 00 - DEWEY DECIMAL CLASSIFICATION NUMBER
Classification number 613.7
Edition number 23/eng/20230527
100 1# - MAIN ENTRY--PERSONAL NAME
Personal name Spano, Marie A.,
Dates associated with a name 1972-
Relator term author.
245 10 - TITLE STATEMENT
Title Nutrition for sport, exercise, and health /
Statement of responsibility, etc. Marie A. Spano, MS, RD, CSCS, CSSD, Spano Sports Nutrition Consulting, LLC, Laura J. Kruskall, PhD, RDN, CSSD, LD, FACSM, FAND University of Nevada, Las Vegas, D. Travis Thomas, PhD, RDN, CSSD, LD, FAND, University of Kentucky.
250 ## - EDITION STATEMENT
Edition statement Second edition.
264 #1 - PRODUCTION, PUBLICATION, DISTRIBUTION, MANUFACTURE, AND COPYRIGHT NOTICE
Place of production, publication, distribution, manufacture Champaign, IL :
Name of producer, publisher, distributor, manufacturer Human Kinetics,
Date of production, publication, distribution, manufacture, or copyright notice [2024]
300 ## - PHYSICAL DESCRIPTION
Extent xii, 468 pages :
Other physical details illustrations (chiefly color) ;
Dimensions 28 cm
336 ## - CONTENT TYPE
Content type term text
Content type code txt
Source rdacontent
337 ## - MEDIA TYPE
Media type term unmediated
Media type code n
Source rdamedia
338 ## - CARRIER TYPE
Carrier type term volume
Carrier type code nc
Source rdacarrier
504 ## - BIBLIOGRAPHY, ETC. NOTE
Bibliography, etc. note Includes bibliographical references and index.
520 ## - SUMMARY, ETC.
Summary, etc. "Nutrition for Sport, Exercise, and Health covers the basics of nutrition for health, including the functions and daily allowances for the energy-yielding macronutrients-carbohydrate, protein, and fat-and micronutrients; nutrition in health and disease prevention; population-based nutrition considerations for training and sports; and practical information on measuring and altering body composition. The second edition has been updated to include the most up-to-date research and relevant content, including updates based on the 2020-2025 Dietary Guidelines for Americans (DGA)"--
Assigning source Provided by publisher.
650 12 - SUBJECT ADDED ENTRY--TOPICAL TERM
Topical term or geographic name entry element Sports Nutritional Physiological Phenomena
650 22 - SUBJECT ADDED ENTRY--TOPICAL TERM
Topical term or geographic name entry element Physical Fitness
General subdivision physiology
700 1# - ADDED ENTRY--PERSONAL NAME
Personal name Kruskall, Laura J.,
Dates associated with a name 1967-
Relator term author.
700 1# - ADDED ENTRY--PERSONAL NAME
Personal name Thomas, D. Travis,
Dates associated with a name 1977-
Relator term author.
776 08 - ADDITIONAL PHYSICAL FORM ENTRY
Relationship information Online version:
Main entry heading Spano, Marie A., 1972-
Title Nutrition for sport, exercise, and health.
Edition Second edition
Place, publisher, and date of publication Champaign : Human Kinetics, 2023
International Standard Book Number 9781718207790
Record control number (DLC) 2023004522
906 ## - LOCAL DATA ELEMENT F, LDF (RLIN)
a 7
b cbc
c orignew
d 1
e ecip
f 20
g y-gencatlg
942 ## - ADDED ENTRY ELEMENTS (KOHA)
Source of classification or shelving scheme Library of Congress Classification
Koha item type Books
Suppress in OPAC No
Holdings
Withdrawn status Lost status Source of classification or shelving scheme Damaged status Not for loan Home library Current library Date acquired Total Checkouts Full call number Barcode Date last seen Price effective from Koha item type
    Library of Congress Classification     مكتبة جامعة عجلون الوطنية مكتبة جامعة عجلون الوطنية 10/11/2024   RA784 2024 E4032 10/11/2024 10/11/2024 Books
    Library of Congress Classification     مكتبة جامعة عجلون الوطنية مكتبة جامعة عجلون الوطنية 10/11/2024   RA784 2024 E4031 10/11/2024 10/11/2024 Books